Statistics for Top 10 Most Subscribers Gained in 2021 By YouTube Channel

Click here to take the quiz!

General Stats

  • This quiz has been taken 14 times
  • The average score is 5 of 10

Answer Stats

HintAnswer% Correct
36.3MT-Series
90%
19.7MBANGTANTV
60%
24.0MCocomelon
60%
37.4MMrBeast
50%
31.0MSET India
50%
18.3MLike Nastya
40%
16.1MVlad and Niki
40%
16.6MGoldmines
30%
18.4MSony SAB
30%
16.1MYouTube Movies
20%

Score Distribution

Percentile by Number Answered

Percent of People with Each Score

Your Score History

You have not taken this quiz